<?xml version="1.0" encoding="UTF-8"?><?xml-stylesheet type="text/xsl" href="static/style.xsl"?><OAI-PMH xmlns="http://www.openarchives.org/OAI/2.0/" xmlns:xsi="http://www.w3.org/2001/XMLSchema-instance" xsi:schemaLocation="http://www.openarchives.org/OAI/2.0/ http://www.openarchives.org/OAI/2.0/OAI-PMH.xsd"><responseDate>2026-06-02T04:53:17Z</responseDate><request verb="GetRecord" identifier="oai:riuma.uma.es:10630/32058" metadataPrefix="marc">https://riuma.uma.es/rest/oai/request</request><GetRecord><record><header><identifier>oai:riuma.uma.es:10630/32058</identifier><datestamp>2026-02-03T11:46:48Z</datestamp><setSpec>com_10630_2254</setSpec><setSpec>col_10630_37959</setSpec></header><metadata><record xmlns="http://www.loc.gov/MARC21/slim" xmlns:dcterms="http://purl.org/dc/terms/" xmlns:doc="http://www.lyncode.com/xoai" xmlns:xsi="http://www.w3.org/2001/XMLSchema-instance" xsi:schemaLocation="http://www.loc.gov/MARC21/slim http://www.loc.gov/standards/marcxml/schema/MARC21slim.xsd">
   <leader>00925njm 22002777a 4500</leader>
   <datafield ind2=" " ind1=" " tag="042">
      <subfield code="a">dc</subfield>
   </datafield>
   <datafield ind2=" " ind1=" " tag="720">
      <subfield code="a">De-Lucchi-López-Tapia, Yolanda</subfield>
      <subfield code="e">author</subfield>
   </datafield>
   <datafield ind2=" " ind1=" " tag="260">
      <subfield code="c">2024</subfield>
   </datafield>
   <datafield ind2=" " ind1=" " tag="520">
      <subfield code="a">Dentro de la línea general de la humanización de la justicia como cambio paradigmático en la evolución de nuestra sociedad, el tratamiento de la discapacidad representa uno de los campos donde se debe trabajar de forma más intensa para lograr el objetivo pretendido. El acceso a la justicia en condiciones de igualdad de este colectivo debe lograrse con políticas públicas y legislativas que favorezcan la comprensión, adaptación e integración de las personas con discapacidad cuando entran en contacto con la justicia, tutelando así el núcleo del mismo como derecho fundamental. Promover el valor del factor humano como epicentro de todas las actuaciones contribuye a favorecer una Administración de Justicia más eficaz, más equitativa y, en consecuencia, más humana y justa.</subfield>
   </datafield>
   <datafield ind1="8" ind2=" " tag="024">
      <subfield code="a">https://hdl.handle.net/10630/32058</subfield>
   </datafield>
   <datafield tag="653" ind2=" " ind1=" ">
      <subfield code="a">Personas con discapacidad</subfield>
   </datafield>
   <datafield tag="653" ind2=" " ind1=" ">
      <subfield code="a">Igualdad ante la ley</subfield>
   </datafield>
   <datafield ind2="0" ind1="0" tag="245">
      <subfield code="a">ODS16: Justicia para las personas en situacion de discapacidad.</subfield>
   </datafield>
</record>
</metadata></record></GetRecord></OAI-PMH>